| 000 | 00518nam a2200145 4500 | ||
|---|---|---|---|
| 001 | 140577 | ||
| 003 | ES-MaACL | ||
| 005 | 20230906200115.0 | ||
| 007 | t| | ||
| 008 | 070214s1921 sp r ||||1| spa d | ||
| 100 | 1 |
_aSebastián y Bandarán, José. _9105020 |
|
| 245 | 1 | 3 |
_aEl seminario de Sevilla _b: discurso leído en la inauguración del curso académico de 1921 a 1922 / _cJosé Sebastián y Bandarán. |
| 260 |
_aSevilla : _b[s.n.], _c1921 ( _fImp. y Lib. de Sobrino de Izquierdo) |
||
| 852 |
_aES-MaACL _j1615-F-13 |
||
| 999 |
_c140577 _d140577 |
||